[Event "Bratislava exe op"]
[Site "Bratislava"]
[Date "2023.09.16"]
[Round "2"]
[White "Baidetsky, Valentin"]
[Black "Bartos, Jan"]
[Result "1-0"]
[WhiteElo "2485"]
[BlackElo "2123"]
[PlyCount "101"]
[EventDate "2023.09.15"]
[EventType "swiss"]
[EventRounds "9"]
[EventCountry "SVK"]
[SourceTitle "EXT 2024"]
[Source "ChessBase"]
[SourceDate "2023.10.10"]
[SourceVersion "1"]
[SourceVersionDate "2023.10.10"]
[SourceQuality "1"]

1. e4 e5 2. Nf3 Nf6 3. Nc3 Nc6 4. h3 d5 5. exd5 Nxd5 6. Bb5 Nxc3 7. bxc3 Bd6 8. 0-0 0-0 9. Re1 Qf6 10. d4 exd4 11. cxd4 Bf5 12. c3 h6 13. Bd3 Rfe8 14. Be3 Bxd3 15. Qxd3 Rad8 16. Rab1 b6 17. Qb5 a5 18. Kh1 Ne7 19. Bd2 Kf8 20. c4 Bf4 21. Bc3 Qc6 22. Qxc6 Nxc6 23. d5 Nb8 24. Nd4 g6 25. g3 Bd6 26. Nb5 Nd7 27. Kg2 Rxe1 28. Rxe1 Nc5 29. Bf6 Rd7 30. Kf3 Nb7 31. g4 Bc5 32. h4 Nd6 33. Nxd6 Bxd6 34. h5 Be7 35. Be5 b5 36. cxb5 Rxd5 37. a4 Bd6 38. Bxd6+ Rxd6 39. hxg6 Rd4 40. Rc1 Rxa4 41. Rxc7 Rb4 42. Rxf7+ Kg8 43. Rb7 a4 44. Kg3 a3 45. f4 Ra4 46. f5 a2 47. f6 Ra8 48. Rg7+ Kf8 49. Rh7 Ra3+ 50. Kh4 Ke8 51. Re7+ 1-0

[Event "CZE-ch Seniors 50"]
[Site "Olomouc"]
[Date "2023.08.16"]
[Round "6"]
[White "Vales, Vaclav"]
[Black "Bartos, Jan"]
[Result "1/2-1/2"]
[WhiteElo "2028"]
[BlackElo "2095"]
[PlyCount "29"]
[EventDate "2023.08.12"]
[EventType "swiss"]
[EventRounds "9"]
[EventCountry "CZE"]
[SourceTitle "EXT 2024"]
[Source "ChessBase"]
[SourceDate "2023.10.10"]
[SourceVersion "1"]
[SourceVersionDate "2023.10.10"]
[SourceQuality "1"]

1. Nf3 d5 2. d4 Nf6 3. c4 e6 4. Nc3 Bb4 5. Qa4+ Nc6 6. e3 0-0 7. Bd2 Re8 8. Be2 dxc4 9. Bxc4 a6 10. Qc2 h6 11. a3 Bd6 12. Ne2 e5 13. dxe5 Nxe5 14. Nxe5 Bxe5 15. Bc3 1/2-1/2

[Event "CZE-ch Seniors 50"]
[Site "Olomouc"]
[Date "2023.08.15"]
[Round "5"]
[White "Bartos, Jan"]
[Black "Nikolaev, Leonid"]
[Result "1-0"]
[WhiteElo "2095"]
[BlackElo "2285"]
[PlyCount "47"]
[EventDate "2023.08.12"]
[EventType "swiss"]
[EventRounds "9"]
[EventCountry "CZE"]
[SourceTitle "EXT 2024"]
[Source "ChessBase"]
[SourceDate "2023.10.10"]
[SourceVersion "1"]
[SourceVersionDate "2023.10.10"]
[SourceQuality "1"]

1. d4 Nf6 2. c4 g6 3. Nc3 Bg7 4. e4 d6 5. Nf3 0-0 6. Be2 Bg4 7. Be3 Nfd7 8. Ng1 Bxe2 9. Ngxe2 e5 10. 0-0 Nc6 11. Qd2 exd4 12. Nxd4 Nde5 13. b3 Qd7 14. f3 f5 15. exf5 Nxd4 16. Bxd4 Rxf5 17. Rad1 Raf8 18. f4 Qf7 19. Ne2 g5 20. g3 gxf4 21. Nxf4 Bh6 22. Qg2 Bxf4 23. Rxf4 Nc6 24. Rg4+ 1-0

[Event "CZE-ch Seniors 50"]
[Site "Olomouc"]
[Date "2023.08.12"]
[Round "1"]
[White "Bartos, Jan"]
[Black "Svanda, Radek"]
[Result "1-0"]
[WhiteElo "2095"]
[BlackElo "1763"]
[PlyCount "87"]
[EventDate "2023.08.12"]
[EventType "swiss"]
[EventRounds "9"]
[EventCountry "CZE"]
[SourceTitle "EXT 2024"]
[Source "ChessBase"]
[SourceDate "2023.10.10"]
[SourceVersion "1"]
[SourceVersionDate "2023.10.10"]
[SourceQuality "1"]

1. d4 Nf6 2. c4 e6 3. g3 Bb4+ 4. Bd2 Qe7 5. Bg2 Bxd2+ 6. Qxd2 d6 7. Nc3 0-0 8. Nf3 Nc6 9. Rd1 e5 10. Nd5 Nxd5 11. cxd5 Nxd4 12. Nxd4 exd4 13. Qxd4 Re8 14. Rd2 Bf5 15. 0-0 Qd7 16. Rc1 a5 17. e4 Bg6 18. Rdc2 Rac8 19. f3 h6 20. Qa7 Qb5 21. Bf1 Qa4 22. b3 Qb4 23. Rxc7 Rxc7 24. Rxc7 Qe1 25. Qf2 Qb4 26. Rc4 Qa3 27. Qc2 b6 28. Ra4 Qc5+ 29. Qxc5 dxc5 30. Bb5 Rd8 31. Kf2 Kf8 32. Ke3 f6 33. Rc4 Be8 34. Bxe8 Kxe8 35. a3 Ra8 36. f4 Ke7 37. e5 Rd8 38. Ke4 f5+ 39. Kxf5 Rxd5 40. b4 axb4 41. axb4 b5 42. Rxc5 Rxc5 43. bxc5 b4 44. Ke4 1-0

[Event "Ceske Budejovice op-A"]
[Site "Ceske Budejovice"]
[Date "2023.07.07"]
[Round "7"]
[White "Bartos, Jan"]
[Black "Vaculik, Martin1111"]
[Result "1/2-1/2"]
[WhiteElo "2122"]
[BlackElo "1963"]
[PlyCount "28"]
[EventDate "2023.07.01"]
[EventType "swiss"]
[EventRounds "9"]
[EventCountry "CZE"]
[SourceTitle "CBM 215 Extra"]
[Source "ChessBase"]
[SourceDate "2023.09.30"]
[SourceVersion "1"]
[SourceVersionDate "2023.09.30"]
[SourceQuality "1"]

1. d4 Nf6 2. c4 e6 3. g3 d5 4. Nf3 Be7 5. Bg2 0-0 6. 0-0 dxc4 7. Qc2 b5 8. a4 b4 9. Nbd2 Bb7 10. Nxc4 Be4 11. Qd1 c5 12. dxc5 Nbd7 13. Nfe5 Bxg2 14. Kxg2 Nxe5 1/2-1/2

[Event "Ceske Budejovice op-A"]
[Site "Ceske Budejovice"]
[Date "2023.07.05"]
[Round "5"]
[White "Bartos, Jan"]
[Black "Priehoda, Vitezslav"]
[Result "1/2-1/2"]
[WhiteElo "2122"]
[BlackElo "2256"]
[PlyCount "24"]
[EventDate "2023.07.01"]
[EventType "swiss"]
[EventRounds "9"]
[EventCountry "CZE"]
[SourceTitle "CBM 215 Extra"]
[Source "ChessBase"]
[SourceDate "2023.09.30"]
[SourceVersion "1"]
[SourceVersionDate "2023.09.30"]
[SourceQuality "1"]

1. d4 Nf6 2. c4 d6 3. Nf3 Nbd7 4. Nc3 e5 5. e4 g6 6. Be2 Bg7 7. 0-0 0-0 8. Be3 Ng4 9. Bg5 f6 10. Bc1 Nh6 11. Be3 Ng4 12. Bc1 Nh6 1/2-1/2

[Event "Pardubice Czech op-E 33rd"]
[Site "Pardubice"]
[Date "2022.07.17"]
[Round "6.2"]
[White "Bartos, Jan"]
[Black "Szotkowski, Jakub"]
[Result "0-1"]
[WhiteElo "2142"]
[BlackElo "2344"]
[PlyCount "94"]
[EventDate "2022.07.14"]
[EventType "team-swiss"]
[EventRounds "7"]
[EventCountry "CZE"]
[SourceTitle "CBM 209 Extra"]
[Source "ChessBase"]
[SourceDate "2022.09.30"]
[SourceVersion "1"]
[SourceVersionDate "2022.09.30"]
[SourceQuality "1"]
[WhiteTeam "Tuhy Korinek"]
[BlackTeam "Brno Duras"]
[WhiteTeamCountry "CZE"]
[BlackTeamCountry "CZE"]

1. d4 Nf6 2. Nf3 c5 3. e3 e6 4. dxc5 Bxc5 5. c4 0-0 6. a3 Qa5+ 7. Qd2 Qxd2+ 8. Nbxd2 b6 9. Be2 Bb7 10. 0-0 Be7 11. b3 Na6 12. Bb2 Nc5 13. Rac1 Rac8 14. b4 Nce4 15. Nxe4 Nxe4 16. Rfd1 Rfd8 17. Nd2 Bf6 18. Bxf6 Nxf6 19. Nb3 Kf8 20. Nd4 Ke7 21. Nb5 a5 22. Nd6 Rb8 23. Nxb7 Rxb7 24. Rb1 Rdb8 25. Bf3 Ra7 26. c5 axb4 27. Rxb4 Rxa3 28. cxb6 d5 29. g3 Rb7 30. Rc1 Ra6 31. Rc7+ Rxc7 32. bxc7 Rc6 33. Rb7 Nd7 34. Be2 Kd6 35. Rb8 Rxc7 36. Rh8 Nf6 37. h4 e5 38. g4 h6 39. g5 hxg5 40. hxg5 Ne4 41. g6 f5 42. Bd3 Ke7 43. Bxe4 dxe4 44. Rh3 Kf6 45. Rg3 f4 46. Rg2 Rc1+ 47. Kh2 Rc2 0-1

[Event "Ceske Budejovice op-A"]
[Site "Ceske Budejovice"]
[Date "2022.07.02"]
[Round "2"]
[White "Bartos, Jan"]
[Black "Slaby, Matej"]
[Result "1/2-1/2"]
[WhiteElo "2142"]
[BlackElo "1796"]
[PlyCount "57"]
[EventDate "2022.07.01"]
[EventType "swiss"]
[EventRounds "9"]
[EventCountry "CZE"]
[SourceTitle "CBM 209 Extra"]
[Source "ChessBase"]
[SourceDate "2022.09.30"]
[SourceVersion "1"]
[SourceVersionDate "2022.09.30"]
[SourceQuality "1"]

1. d4 Nf6 2. Nf3 d5 3. c4 e6 4. g3 b6 5. Bg2 Bb7 6. 0-0 Nbd7 7. cxd5 Nxd5 8. e4 N5f6 9. e5 Nd5 10. Nc3 Be7 11. Re1 0-0 12. h4 h6 13. a3 c5 14. Nxd5 Bxd5 15. Bf4 Qc8 16. dxc5 Nxc5 17. Rc1 Qb7 18. b4 Nd7 19. Re3 b5 20. Rec3 Bd8 21. Bf1 a6 22. Nd4 Nb6 23. Qg4 Kh7 24. Bd3+ Kh8 25. Bxh6 gxh6 26. Qf4 Kg7 27. Qg4+ Kh8 28. Qf4 Kg7 29. Qg4+ 1/2-1/2

[Event "Ceske Budejovice op-A"]
[Site "Ceske Budejovice"]
[Date "2022.07.01"]
[Round "1"]
[White "Steinbauer, Sebastian"]
[Black "Bartos, Jan"]
[Result "0-1"]
[WhiteElo "1808"]
[BlackElo "2142"]
[PlyCount "100"]
[EventDate "2022.07.01"]
[EventType "swiss"]
[EventRounds "9"]
[EventCountry "CZE"]
[SourceTitle "CBM 209 Extra"]
[Source "ChessBase"]
[SourceDate "2022.09.30"]
[SourceVersion "1"]
[SourceVersionDate "2022.09.30"]
[SourceQuality "1"]

1. e4 e6 2. d4 d5 3. exd5 exd5 4. Nc3 c6 5. Nf3 Bd6 6. Bd3 Ne7 7. Bg5 f6 8. Bh4 Bf5 9. Qe2 Bxd3 10. Qxd3 Nd7 11. Bg3 Nb6 12. 0-0-0 0-0 13. h4 Bxg3 14. fxg3 Qd6 15. Nd2 Rae8 16. h5 Kh8 17. Ne2 Qb4 18. Nf4 Nc4 19. Nb3 Nd6 20. Nc5 Nc4 21. Nb3 a5 22. Ng6+ Nxg6 23. hxg6 h6 24. a3 Qe7 25. Kb1 Qe4 26. Nc5 Qxd3 27. Nxd3 Re3 28. Rh3 Rfe8 29. Nf4 Re1 30. Rh1 Rxh1 31. Rxh1 Re3 32. Kc1 Nd6 33. Rh3 Ne4 34. b3 Ng5 35. Kd2 Re4 36. Rh1 Rxd4+ 37. Nd3 Rg4 38. b4 Ne4+ 39. Ke2 axb4 40. axb4 Rxg3 41. Nf4 Ra3 42. Rc1 Nc3+ 43. Kf2 Kg8 44. Re1 Ne4+ 45. Kg1 f5 46. Ne6 Rg3 47. Nf4 Rg4 48. Ra1 Kf8 49. Ra8+ Ke7 50. Nd3 Rxg6 0-1

[Event "CZE-ch"]
[Site "Usti nad Labem"]
[Date "2022.05.22"]
[Round "9"]
[White "Paseka, Matyas"]
[Black "Bartos, Jan"]
[Result "0-1"]
[WhiteElo "2076"]
[BlackElo "2125"]
[PlyCount "196"]
[EventDate "2022.05.14"]
[EventType "swiss"]
[EventRounds "9"]
[EventCountry "CZE"]
[SourceTitle "CBM 208 Extra"]
[Source "ChessBase"]
[SourceDate "2022.07.31"]
[SourceVersion "1"]
[SourceVersionDate "2022.07.31"]
[SourceQuality "1"]

1. e4 e6 2. d4 d5 3. Nd2 c5 4. exd5 exd5 5. Ngf3 Nc6 6. Bb5 Qe7+ 7. Be2 Qc7 8. 0-0 Nf6 9. Re1 cxd4 10. Nb3 Bb4 11. Bd2 Bxd2 12. Qxd2 0-0 13. Nfxd4 Bd7 14. Nc5 Nxd4 15. Qxd4 Bf5 16. c3 Rad8 17. Rad1 Rfe8 18. f3 b6 19. Nd3 Qc4 20. Nc1 Qxd4+ 21. Rxd4 Bc8 22. Kf2 Bb7 23. Red1 Kf8 24. a4 Rd6 25. Bb5 Red8 26. Nb3 a6 27. Bf1 Nd7 28. a5 Nc5 29. Rb4 Nxb3 30. Rxb3 b5 31. Rb4 Ke7 32. Rbd4 g5 33. h4 h6 34. Bd3 Kf6 35. Rh1 Bc8 36. hxg5+ hxg5 37. Rh6+ Ke7 38. Rh5 Rg8 39. Bc2 Be6 40. Bb3 Kf6 41. f4 gxf4 42. Rxf4+ Ke7 43. Rd4 Rgd8 44. Kf3 Kf6 45. g4 Bc8 46. Kf4 Be6 47. g5+ Ke7 48. Ke5 Rg8 49. Rf4 Rd7 50. Rf6 b4 51. Ba4 Rc7 52. cxb4 Rc4 53. Rxe6+ fxe6 54. Rh7+ Kf8 55. Kxe6 Rxg5 56. Kf6 Rg2 57. Rh8+ Rg8 58. Rxg8+ Kxg8 59. Bb3 Rxb4 60. Bxd5+ Kf8 61. b3 Rb5 62. Bc4 Rxa5 63. Ke6 Ra1 64. Kd6 a5 65. Bb5 Rc1 66. Ba4 Kf7 67. Bb5 Kf6 68. Ba4 Kf5 69. Kd5 Rd1+ 70. Kc4 Ke5 71. Kb5 Rd5+ 72. Kc4 Rd8 73. Kc3 Rb8 74. Bd7 Kd6 75. Bf5 Kc5 76. Be6 Rf8 77. Bg4 Rf2 78. Bd1 Rg2 79. Bc2 Rg3+ 80. Kb2 Kb4 81. Be4 Rxb3+ 82. Ka2 Re3 83. Bb1 Re2+ 84. Ka1 a4 85. Bd3 Rd2 86. Bb1 a3 87. Ba2 Kc3 88. Bf7 Rb2 89. Be6 Re2 90. Bf7 Rf2 91. Be6 Rf6 92. Ba2 Rf1+ 93. Bb1 Kb4 94. Ka2 Rf2+ 95. Ka1 Kb3 96. Bd3 a2 97. Be2 Ka3 98. Bd1 Rg2 0-1

[Event "CZE-chT1W 2122"]
[Site "Czech Republic"]
[Date "2022.03.27"]
[Round "11.2"]
[White "Bartos, Jan"]
[Black "Molkanov, Oleg"]
[Result "1/2-1/2"]
[WhiteElo "2162"]
[BlackElo "2074"]
[PlyCount "65"]
[EventDate "2021.10.10"]
[EventType "team-tourn"]
[EventRounds "11"]
[EventCountry "CZE"]
[SourceTitle "EXT 2023"]
[Source "ChessBase"]
[SourceDate "2022.10.05"]
[SourceVersion "1"]
[SourceVersionDate "2022.10.05"]
[SourceQuality "1"]
[WhiteTeam "Unichess"]
[BlackTeam "Kobylisy"]
[WhiteTeamCountry "CZE"]
[BlackTeamCountry "CZE"]

1. e4 c6 2. d4 d5 3. e5 Bf5 4. c4 e6 5. Nc3 Ne7 6. b3 Nd7 7. Nf3 Ng6 8. c5 a5 9. h3 b6 10. cxb6 Qxb6 11. Bd2 Ba3 12. Be2 0-0 13. 0-0 Rfc8 14. Be3 Qb8 15. g4 Be4 16. Nxe4 dxe4 17. Nd2 c5 18. Nc4 Bb4 19. Rc1 cxd4 20. Qxd4 Ndxe5 21. Qxe4 Nxc4 22. Rxc4 Rxc4 23. Bxc4 Qd8 24. Bb6 Qc8 25. Rd1 Rb8 26. Rd8+ Qxd8 27. Bxd8 Rxd8 28. g5 Ne7 29. h4 g6 30. h5 Nf5 31. hxg6 hxg6 32. Bxe6 Re8 33. Bxf5 1/2-1/2

[Event "Brno IM 10th"]
[Site "Brno"]
[Date "2021.11.28"]
[Round "9"]
[White "Del Rey, Diego"]
[Black "Bartos, Jan"]
[Result "1-0"]
[WhiteElo "2360"]
[BlackElo "2156"]
[PlyCount "91"]
[EventDate "2021.11.21"]
[EventType "tourn"]
[EventRounds "9"]
[EventCountry "CZE"]
[EventCategory "3"]
[SourceTitle "CBM 205 Extra"]
[Source "ChessBase"]
[SourceDate "2022.01.31"]
[SourceVersion "1"]
[SourceVersionDate "2022.01.31"]
[SourceQuality "1"]

1. d4 d5 2. Nf3 Nf6 3. g3 c5 4. Bg2 cxd4 5. 0-0 h6 6. Bf4 Nbd7 7. Qxd4 e6 8. Nc3 Bc5 9. Qd3 0-0 10. Na4 Be7 11. c4 Qa5 12. Qc2 dxc4 13. Nd2 Nd5 14. Nxc4 Qa6 15. Bxd5 exd5 16. Ne3 Nf6 17. Rfd1 Be6 18. Nc3 Rfd8 19. Be5 Rac8 20. Qd3 Qa5 21. Bd4 Nd7 22. Nf5 Bxf5 23. Qxf5 Nf6 24. Bxf6 Bxf6 25. Nxd5 Qa6 26. Nxf6+ Qxf6 27. Qxf6 gxf6 28. Kf1 Rxd1+ 29. Rxd1 Rc2 30. Rb1 Kg7 31. Ke1 Kg6 32. Kd1 Rc5 33. Rc1 Rd5+ 34. Ke1 Rh5 35. Rc7 Rb5 36. b3 a5 37. Kd2 Rd5+ 38. Kc3 b5 39. a3 Rd1 40. Ra7 b4+ 41. axb4 axb4+ 42. Kxb4 Rh1 43. Ra2 Rxh2 44. e3 Kf5 45. Kc5 Rh1 46. b4 1-0

[Event "Brno IM 10th"]
[Site "Brno"]
[Date "2021.11.23"]
[Round "3"]
[White "Bartos, Jan"]
[Black "Bubalovic, Davorin"]
[Result "1/2-1/2"]
[WhiteElo "2156"]
[BlackElo "2230"]
[PlyCount "110"]
[EventDate "2021.11.21"]
[EventType "tourn"]
[EventRounds "9"]
[EventCountry "CZE"]
[EventCategory "3"]
[SourceTitle "CBM 205 Extra"]
[Source "ChessBase"]
[SourceDate "2022.01.31"]
[SourceVersion "1"]
[SourceVersionDate "2022.01.31"]
[SourceQuality "1"]

1. d4 d5 2. Nf3 Nf6 3. c4 e6 4. Nc3 Bb4 5. e3 dxc4 6. Bxc4 0-0 7. 0-0 Nc6 8. Qe2 a6 9. Rd1 Nd5 10. Bd2 Nb6 11. Bd3 Bd6 12. Ne4 Qe7 13. Nxd6 cxd6 14. e4 e5 15. d5 Na7 16. Bb4 Bg4 17. Qe3 Na4 18. Rd2 Bxf3 19. Qxf3 Rfc8 20. Qe3 Nb5 21. Bxb5 axb5 22. b3 Nc5 23. f3 h6 24. Rc1 Na6 25. Rxc8+ Rxc8 26. Ba3 b4 27. Bb2 Qc7 28. Rd1 Qa5 29. Rc1 Nc5 30. h4 b6 31. Ra1 Qb5 32. Bc1 Ra8 33. Kh2 Qf1 34. Bb2 Qd3 35. Qxd3 Nxd3 36. Bc1 Nc5 37. Be3 Kf8 38. Kg1 Ke7 39. Kf1 Kd7 40. Bxc5 bxc5 41. Ke2 g6 42. Kd3 Kc7 43. Kc2 f5 44. exf5 gxf5 45. g4 fxg4 46. fxg4 Kd7 47. g5 hxg5 48. hxg5 Ke7 49. Rh1 Rxa2+ 50. Kd3 Kf7 51. Rh6 Rg2 52. Rxd6 Rxg5 53. Rc6 Rg6 54. Ke4 Rxc6 55. dxc6 Ke7 1/2-1/2

[Event "Brno IM 10th"]
[Site "Brno"]
[Date "2021.11.23"]
[Round "4"]
[White "Pisk, Petr"]
[Black "Bartos, Jan"]
[Result "1/2-1/2"]
[WhiteElo "2325"]
[BlackElo "2156"]
[PlyCount "119"]
[EventDate "2021.11.21"]
[EventType "tourn"]
[EventRounds "9"]
[EventCountry "CZE"]
[EventCategory "3"]
[SourceTitle "CBM 205 Extra"]
[Source "ChessBase"]
[SourceDate "2022.01.31"]
[SourceVersion "1"]
[SourceVersionDate "2022.01.31"]
[SourceQuality "1"]

1. d4 d5 2. Nf3 Nf6 3. g3 c5 4. Bg2 cxd4 5. 0-0 h6 6. Nxd4 e5 7. Nb3 Be6 8. c4 Nc6 9. cxd5 Nxd5 10. Bd2 Be7 11. Nc3 0-0 12. Rc1 Nxc3 13. Bxc3 Bg5 14. Qxd8 Rfxd8 15. f4 exf4 16. gxf4 Be7 17. Be4 Bxb3 18. axb3 Bc5+ 19. Kg2 Be3 20. Rcd1 Rxd1 21. Rxd1 Bxf4 22. Rd7 Re8 23. Bd5 Nd8 24. h4 Be3 25. Kf3 b5 26. b4 h5 27. Be4 Bb6 28. Rd5 Ne6 29. Rxh5 Nd4+ 30. Bxd4 Bxd4 31. Rxb5 g6 32. Rb7 Re5 33. Rd7 Bb6 34. Bd5 Rf5+ 35. Kg4 Kf8 36. e4 Rf2 37. b3 Be3 38. Kg3 Rf6 39. b5 Bb6 40. Rb7 Be3 41. Rb8+ Ke7 42. Rb7+ Kf8 43. Bc4 Bd4 44. Rd7 Bb6 45. Kg4 Be3 46. Rd3 Bb6 47. Rd7 Be3 48. Rb7 Rf4+ 49. Kg3 Rf6 50. Bd5 Bd4 51. Kg4 Be3 52. e5 Rf4+ 53. Kg3 Rf5 54. Bc4 Bd4 55. e6 fxe6 56. Bxe6 Re5 57. Bf7 Re7 58. Rxe7 Kxe7 59. Bxg6 Kf6 60. h5 1/2-1/2

[Event "CZE-chT1W 2122"]
[Site "Czech Republic"]
[Date "2021.10.31"]
[Round "2.3"]
[White "Bartos, Jan"]
[Black "Vojta, Tomas"]
[Result "0-1"]
[WhiteElo "2162"]
[BlackElo "2301"]
[PlyCount "58"]
[EventDate "2021.10.10"]
[EventType "team-tourn"]
[EventRounds "11"]
[EventCountry "CZE"]
[SourceTitle "EXT 2023"]
[Source "ChessBase"]
[SourceDate "2022.10.05"]
[SourceVersion "1"]
[SourceVersionDate "2022.10.05"]
[SourceQuality "1"]
[WhiteTeam "Unichess"]
[BlackTeam "Vlasim Spartak"]
[WhiteTeamCountry "CZE"]
[BlackTeamCountry "CZE"]

1. d4 d5 2. Nf3 Bg4 3. Ne5 Bf5 4. c4 f6 5. Nf3 c6 6. cxd5 cxd5 7. Nc3 e6 8. Bf4 Nc6 9. e3 g5 10. Bg3 h5 11. h3 Bd6 12. Bxd6 Qxd6 13. Bd3 Nge7 14. Bxf5 Nxf5 15. Qb3 0-0-0 16. 0-0-0 g4 17. Nb5 Qe7 18. Ne1 Kb8 19. g3 a6 20. Nc3 Na5 21. Qa4 Nc4 22. e4 Nfd6 23. exd5 exd5 24. Nd3 gxh3 25. Rxh3 Ne4 26. Re1 Qc7 27. Nxe4 dxe4 28. Nc5 Rxd4 29. Ne6 Qb6 0-1

[Event "EUR-ch Seniors 50"]
[Site "Prague"]
[Date "2021.09.05"]
[Round "7.2"]
[White "Haba, Petr"]
[Black "Bartos, Jan"]
[Result "1-0"]
[WhiteElo "2444"]
[BlackElo "2112"]
[PlyCount "75"]
[EventDate "2021.08.30"]
[EventType "team-tourn"]
[EventRounds "9"]
[EventCountry "CZE"]
[SourceTitle "CBM 204 Extra"]
[Source "ChessBase"]
[SourceDate "2021.11.30"]
[SourceVersion "1"]
[SourceVersionDate "2021.11.30"]
[SourceQuality "1"]
[WhiteTeam "Czech Republic 50"]
[BlackTeam "Litomerice Slavoj 50"]
[WhiteTeamCountry "CZE"]
[BlackTeamCountry "CZE"]

1. d4 Nf6 2. c4 e6 3. g3 Bb4+ 4. Bd2 Be7 5. Bg2 d5 6. Qc2 0-0 7. Nf3 Nbd7 8. 0-0 Ne4 9. Nc3 Nxc3 10. Qxc3 Nf6 11. Qc2 Ne4 12. Be3 c6 13. Rad1 f6 14. Nd2 Nd6 15. f3 e5 16. dxe5 fxe5 17. cxd5 cxd5 18. Qb3 Nf5 19. Bf2 Kh8 20. e3 Be6 21. Qxb7 Qa5 22. e4 Rab8 23. Qxa7 Qxa7 24. Bxa7 Rxb2 25. exf5 Bxf5 26. Nb3 Ra8 27. Rf2 Rxb3 28. axb3 Rxa7 29. Rxd5 Be6 30. Rxe5 Bxb3 31. Rfe2 Bf8 32. Re8 Kg8 33. Bh3 Kf7 34. Rc8 Bd5 35. Re5 Ra1+ 36. Kf2 Ra2+ 37. Ke3 Rxh2 38. Rxd5 1-0

[Event "EUR-ch Seniors 50"]
[Site "Prague"]
[Date "2021.09.04"]
[Round "6.2"]
[White "Bartos, Jan"]
[Black "Malinovsky, Petr"]
[Result "1-0"]
[WhiteElo "2112"]
[BlackElo "2076"]
[PlyCount "43"]
[EventDate "2021.08.30"]
[EventType "team-tourn"]
[EventRounds "9"]
[EventCountry "CZE"]
[SourceTitle "CBM 204 Extra"]
[Source "ChessBase"]
[SourceDate "2021.11.30"]
[SourceVersion "1"]
[SourceVersionDate "2021.11.30"]
[SourceQuality "1"]
[WhiteTeam "Litomerice Slavoj 50"]
[BlackTeam "Pardubice Bohemia 50"]
[WhiteTeamCountry "CZE"]
[BlackTeamCountry "CZE"]

1. e4 c5 2. Nc3 g6 3. d4 cxd4 4. Qxd4 Nf6 5. Nf3 Nc6 6. Qa4 Bg7 7. e5 Ng8 8. Bf4 Nh6 9. h3 0-0 10. 0-0-0 b5 11. Bxb5 Bb7 12. Rhe1 a6 13. Bf1 Nb8 14. Nd5 Bc6 15. Qa3 Re8 16. g4 a5 17. Qe3 Na6 18. Bxh6 Nb4 19. Bc4 Bh8 20. Nxb4 axb4 21. e6 Bxb2+ 22. Kxb2 1-0